02252 a2200217 45000010006000000050017000060080041000230030015000640400040000790800095001192450040002142640039002543000020002935051575003130410008018881000026018967000032019227000024019547000037019787000019020154077920260407155703.0260407a1971 arg spa dAR-UNSa-BCEJYS aAR-UNSa-BCEJYSbspacAR-UNSa-BCEJYS a330.8xHistoria de las teorías, Doctrinas, Dogmas económicos (pensamiento económico)10aHistoria del análisis económico 1aBarcelona :bEdiciones Arielc1971 a1371 p.c23 cm. aParte I: Introducción. Alcance y método: 1. Introducción y plan - 2. Interludio I. Las técnicas del análisis económico - 3. Interludio II. Desarrollos contemporáneos en otras ciencias - 4. La sociología de la economía -- Parte II: Desde los comienzos hasta la primera situación clásica (hasta 1790 aproximadamente): 1. La ciencia economía grecorromana - 2. Los doctores escolásticos y los filósofos del derecho natural - 3. Políticos y panfletistas - 4. Los econometristas y Turgot - 5. Población, rendimientos, salarios y ocupación - 6. Valor y dinero - 7. La literatura "mercantilista" -- Parte III: De 1790 a 1870: 1. Introducción y plan - 2. Trasfondo político-social - 3. El marco intelectual - 4. Revista de las tropas - 5. Economía general: corte transversal - 6. Economía general: Teoría pura - 7. Moneda, crédito y ciclos -- Parte IV: De 1870 a 1914 (Y posteriormente): 1. Introducción y plan - 2. Trasfondo y estructuras - 3. Algunos desarrollos de campos limítrofes - 4. La Sozialpolitik y el método histórico - 5. La economía general del período, los hombres y los grupos - 6. Economía general: carácter y contenio - 7. El análisis del equilibrio - 8. Moneda, crédito y ciclos -- Parte V: Conclusión: esquema de los desarrollos modernos: 1. Introducción y plan - 2. Desarrollos entrocados con el aparato de Marshall y Wicksell - 3. La ciencia económica en los países "totalitarios" - 4. La dinámica y la investigación del ciclo económico - 5. Keynes y la macroeconomía moderna aspa1 aSchumpeter, Joseph A.1 aSchumpeter, Elizabeth Boody1 aSacristán, Manuel1 aGarcía Durán, José Antonio1 aSerra, Narciso